| 000 | 00464nam a22001457a 4500 | ||
|---|---|---|---|
| 005 | 20251029191544.0 | ||
| 008 | 251029b |||||||| |||| 00| 0 eng d | ||
| 020 | _a0887375022 | ||
| 050 | _aRT81.5 NAL | ||
| 110 | _aNational League for Nursing | ||
| 245 |
_aNurse Educators 1990: Findings from the Faculty Census _cNational League for Nursing |
||
| 260 |
_aNew York _bNational League for Nursing Press _c1991 |
||
| 300 |
_aix. 47p. _bill. _c28cm |
||
| 942 |
_2lcc _cBK _n0 |
||
| 999 |
_c7908 _d7908 |
||